Music Quiz

Random Music Quiz

Motionless In White- Abigail Quiz Stats

 Plays Quiz not verified by Sporcle

Challenge
Share
Tweet
Embed
Score 0/206 Timer 10:00
0 Plays Today
Lyrics % Correct
to
95.5%
to
95.5%
to
95.5%
to
95.5%
to
95.5%
to
95.5%
to
95.5%
how
94.8%
could
94.8%
you
94.8%
do
94.8%
this
94.8%
You
94.8%
this
94.8%
you
94.8%
you
94.8%
how
94.8%
could
94.8%
you
94.8%
do
94.8%
this
94.8%
how
94.8%
could
94.8%
you
94.8%
do
94.8%
this
94.8%
You
94.8%
this
94.8%
you
94.8%
How
94.8%
could
94.8%
you
94.8%
Oh
94.2%
Abigail
94.2%
us
94.2%
Oh
94.2%
Abigail
94.2%
us
94.2%
Oh
94.2%
Abigail
94.2%
us
94.2%
Abigail
94.2%
She's
92.2%
she's
92.2%
and
92.2%
She's
92.2%
she's
92.2%
and
92.2%
of
92.2%
And
92.2%
of
92.2%
of
92.2%
She's
92.2%
she's
92.2%
and
92.2%
of
92.2%
And
92.2%
baby
91.6%
So
91.6%
baby
91.6%
so
91.6%
So
91.6%
baby
91.6%
so
91.6%
So
91.6%
Burn
90.9%
burn
90.9%
witch
90.9%
witch
90.9%
Lyrics % Correct
witch
90.9%
witch
90.9%
me
90.9%
Burn
90.9%
burn
90.9%
witch
90.9%
witch
90.9%
me
90.9%
we
90.3%
we
90.3%
product
89.6%
my
89.6%
the
89.6%
my
89.6%
save
89.6%
the
89.6%
save
89.6%
the
89.6%
the
89.6%
the
89.6%
product
89.6%
my
89.6%
the
89.6%
my
89.6%
save
89.6%
were
89%
we're
89%
were
89%
a
88.3%
a
88.3%
a
88.3%
a
88.3%
a
88.3%
a
88.3%
a
88.3%
lust
88.3%
a
88.3%
a
88.3%
a
88.3%
a
88.3%
lust
88.3%
a
88.3%
head
87%
head
87%
I'm
86.4%
I'm
86.4%
on
86.4%
neck
86.4%
please
86.4%
on
86.4%
I'm
86.4%
on
86.4%
neck
86.4%
please
86.4%
on
86.4%
heretic
85.7%
heretic
85.7%
blood
85.7%
here
85.7%
heretic
85.7%
blood
85.7%
learn
85.1%
learn
85.1%
learn
85.1%
learn
85.1%
now
84.4%
rope
84.4%
now
84.4%
now
84.4%
Lyrics % Correct
rope
84.4%
now
84.4%
all
83.8%
all
83.8%
Salem
83.1%
Salem
83.1%
stopped
77.9%
stopped
77.9%
hell
76.6%
hell
76.6%
hell
76.6%
hell
76.6%
but
74.7%
But
74.7%
in
72.1%
in
72.1%
in
72.1%
your
70.1%
your
70.1%
meet
69.5%
meet
69.5%
meet
69.5%
won't
68.8%
for
68.8%
tonight
67.5%
ship
66.9%
not
66.2%
we'll
66.2%
again
66.2%
God
65.6%
God
65.6%
sky
64.9%
It's
64.9%
I
62.3%
forsaken
61.7%
Confess
61%
confess
61%
Confess
61%
confess
61%
upon
60.4%
they
60.4%
is
60.4%
when
60.4%
When
60.4%
from
59.7%
sins
59.1%
Wish
58.4%
has
58.4%
before
58.4%
chest
57.1%
Feel
55.2%
say
55.2%
dead
54.5%
both
53.2%
both
53.2%
stars
52.6%
hang
50.6%
run
50.6%
thee
49.4%
breath
49.4%
crush
48.7%
stones
48.1%
going
47.4%
see
44.8%
short
43.5%
hard
41.6%
I'll
40.3%
wheight
10.4%

You're not logged in!

Compare scores with friends on all Sporcle quizzes.
Join for Free
OR
Log In

You Might Also Like...

Show Comments

Extras

Created May 18, 2015ReportNominate
Tags:white

Top Quizzes Today


Score Distribution

Your Account Isn't Verified!

In order to create a playlist on Sporcle, you need to verify the email address you used during registration. Go to your Sporcle Settings to finish the process.

Report this User

Report this user for behavior that violates our Community Guidelines.

Details: